AGADHA TANTRA (Record no. 11372)

MARC details
000 -LEADER
fixed length control field 00317nam a22001457a 4500
003 - CONTROL NUMBER IDENTIFIER
control field SGT
020 ## - INTERNATIONAL STANDARD BOOK NUMBER
International Standard Book Number 978-93-81608-03-6
082 ## - DEWEY DECIMAL CLASSIFICATION NUMBER
Classification number 615.538
Item number A16S
100 ## - MAIN ENTRY--PERSONAL NAME
Personal name SHARMA, NITIN
245 ## - TITLE STATEMENT
Title AGADHA TANTRA
260 ## - PUBLICATION, DISTRIBUTION, ETC. (IMPRINT)
Place of publication, distribution, etc NEW DELHI
Name of publisher, distributor, etc CHAUKHAMBHA PUB
Year of Publication 2016
300 ## - PAGE DESCRIPTION
No. of Pages 252
650 ## - SUBJECT ADDED ENTRY--TOPICAL TERM
Topical term or geographic name as entry element AYURVEDA
942 ## - ADDED ENTRY ELEMENTS (KOHA)
Source of classification or shelving scheme Dewey Decimal Classification
Koha item type Books
942 ## - ADDED ENTRY ELEMENTS (KOHA)
-- 27
Holdings
Withdrawn status Lost status Source of classification or shelving scheme Damaged status Not for loan Collection code Home library Current library Shelving location Date acquired Vendor Name Cost, normal purchase price SGTU Bill Number Total Checkouts Full call number Accession No. (Barcode) Date last seen Date last borrowed Bill Date Koha item type
    Dewey Decimal Classification     AYURVEDA SGT FA-FP Library SGT FA-FP Library Text Book 28/03/2017 CHAUKHAMBHA PUB 195.00 SGTU CP/B/948 9 615.538 A16S FA5951 13/06/2024 29/04/2024 09/02/2017 Books
    Dewey Decimal Classification     AYURVEDA SGT FA-FP Library SGT FA-FP Library Text Book 28/03/2017 CHAUKHAMBHA PUB 195.00 SGTU CP/B/948 9 615.538 A16S FA5952 14/12/2023 02/12/2023 09/02/2017 Books
    Dewey Decimal Classification     AYURVEDA SGT FA-FP Library SGT FA-FP Library Text Book 28/03/2017 CHAUKHAMBHA PUB 195.00 SGTU CP/B/948 3 615.538 A16S FA5953 12/10/2020 10/10/2020 09/02/2017 Books
    Dewey Decimal Classification     AYURVEDA SGT FA-FP Library SGT FA-FP Library Text Book 28/03/2017 CHAUKHAMBHA PUB 195.00 SGTU CP/B/948 7 615.538 A16S FA5954 04/09/2021 03/08/2021 09/02/2017 Books
    Dewey Decimal Classification     AYURVEDA SGT FA-FP Library SGT FA-FP Library Text Book 28/03/2017 CHAUKHAMBHA PUB 195.00 SGTU CP/B/948 5 615.538 A16S FA5955 24/09/2021 11/09/2021 09/02/2017 Books
    Dewey Decimal Classification     AYURVEDA SGT FA-FP Library SGT FA-FP Library Text Book 28/03/2017 CHAUKHAMBHA PUB 195.00 SGTU CP/B/948 3 615.538 A16S FA5956 19/12/2024 10/12/2024 09/02/2017 Books
    Dewey Decimal Classification     AYURVEDA SGT FA-FP Library SGT FA-FP Library Text Book 28/03/2017 CHAUKHAMBHA PUB 195.00 SGTU CP/B/948 1 615.538 A16S FA5957 25/09/2017 15/09/2017 09/02/2017 Books
    Dewey Decimal Classification     AYURVEDA SGT FA-FP Library SGT FA-FP Library Text Book 28/03/2017 CHAUKHAMBHA PUB 195.00 SGTU CP/B/948 9 615.538 A16S FA5958 07/12/2023 06/12/2023 09/02/2017 Books
    Dewey Decimal Classification     AYURVEDA SGT FA-FP Library SGT FA-FP Library Text Book 28/03/2017 CHAUKHAMBHA PUB 195.00 SGTU CP/B/948 3 615.538 A16S FA5959 12/10/2020 10/10/2020 09/02/2017 Books
    Dewey Decimal Classification     AYURVEDA SGT FA-FP Library SGT FA-FP Library Text Book 28/03/2017 CHAUKHAMBHA PUB 195.00 SGTU CP/B/948 15 615.538 A16S FA5960 24/06/2024 20/06/2024 09/02/2017 Books